| 000 | 00728nam a2200289 i 4500 | ||
|---|---|---|---|
| 001 | 6575 | ||
| 003 | ES-MaBCM | ||
| 005 | 20230926103005.0 | ||
| 008 | 890717t2006 esp 000 0 spa d | ||
| 010 | _a6575 | ||
| 017 | _aM.111-2006 | ||
| 020 | _a84-345-7614-7 | ||
| 035 | _a(OCoLC)1365196291 | ||
| 040 | _cES-MaBCM | ||
| 041 | 0 | _aspa | |
| 043 | _aesp | ||
| 080 | _a916.20(026) | ||
| 245 | 0 | 0 | _aEgipto |
| 260 |
_aMadrid : _bSalvat, _c2006 |
||
| 300 |
_a515 p. _bil. col., mapas _c21 cm |
||
| 440 | 0 |
_aLos libros del viajero _995620 |
|
| 490 | 0 | _aTrotamundos. La guía del routard | |
| 650 | 2 | 7 |
_aDescripción y viajes _958382 |
| 651 | 2 | 4 |
_aEgipto _9115524 |
| 655 | 0 |
_aGuía turística _9118885 |
|
| 942 |
_cBK _2udc |
||
| 999 |
_c6575 _d6575 |
||